000 00883nam a2200229 i 4500
001 bg
245 0 0 _aBudownictwo a integracja z Unią Europejską :
_bkonferencja naukowo-techniczna, Szczecin 25-26 kwietnia 1996 /
_c[org. Biuro Informacji Gospodarczej w Szczecinie, Międzynarodowe Targi Szczecińskie].
260 _aSzczecin :
_bBIG,
_c1996.
300 _a65 s. ;
_c24 cm.
500 _aNa prawach rps., streszcz.
650 9 _aBudownictwo
_xzagadnienia
650 9 _aUnia Europejska a Polska
_xbudownictwo
650 9 _aPolska a Unia Europejska
_xbudownictwo
655 _aMateriały konferencyjne
710 0 _aBiuro Informacji Gospodarczej (Szczecin)
710 0 _aMiędzynarodowe Targi Szczecińskie
040 _cBPK
041 0 _apl
080 _a338.45::69(438)"1989/...":[339.923:061.1A/Z](4-67)(061)
942 _cKS
008 s pl f |000 0 pol
999 _c39073
_d39073
856 _uhttp://koha.tu.koszalin.pl/cgi-bin/koha/opac-detail.pl?biblionumber=39073
_yKatalog online BPK